| 000 | 00716cam a2200277 4500 | ||
|---|---|---|---|
| 001 | 1557028 | ||
| 003 | OSt | ||
| 005 | 20170105101213.0 | ||
| 008 | 750411s1958 xx 000 0 eng d | ||
| 015 | _aGB58-8634 | ||
| 029 | 1 |
_aUKM _bb5808634 |
|
| 035 | _a(OCoLC)ocm01269652 | ||
| 035 | _a(NNC)1557028 | ||
| 040 |
_aGAT _cGAT _dUKM |
||
| 082 | 0 | 4 |
_a530 _218 |
| 090 |
_aQC21 _b.N38x |
||
| 100 | 1 | _aNelkon, Michael. | |
| 245 | 1 | 0 |
_aAdvanced level physics, _cby M. Nelkon and P. Parker. |
| 260 |
_aMelbourne, _bHeinemann _c[1958] |
||
| 300 |
_a1057 p. _billus., tables. _c23 cm. |
||
| 650 | 0 | _aPhysics. | |
| 700 | 1 |
_aParker, P. _q(Philip), _eauthor. |
|
| 942 |
_2ddc _cBK |
||
| 999 |
_c3311 _d3311 |
||